00458 2200181 4500001002100000008004100021035002000062245003700082100001700119260002800136300002600164020002200190084001400212082000800226650001200234990001500246990001500261INLIS000000000003307 ind  a0010-1225000128 aX-Press TKA BiologicAjib Setiyo aSetiyo, Ajib aJakartabErlanggac2025 a154 hlmc21 x 25,5 cm a978-623-522-768-9 a574 AJI x a574 aBiologi a19786/B/26 a19787/B/26